UBT Library

Practical dermatology. (Record no. 41970)

000 -LEADER
fixed length control field 00567cam a2200217 4500
001 - CONTROL NUMBER
control field 3584050
005 - DATE AND TIME OF LATEST TRANSACTION
control field 20180207033154.0
008 - FIXED-LENGTH DATA ELEMENTS--GENERAL INFORMATION
fixed length control field 710119s1959 paua b 001 0 eng
010 ## - LIBRARY OF CONGRESS CONTROL NUMBER
LC control number 59005960
040 ## - CATALOGING SOURCE
Original cataloging agency DLC
Transcribing agency DLC
Modifying agency DLC
041 ## - LANGUAGE CODE
Language code of text/sound track or separate title eng
080 ## - UNIVERSAL DECIMAL CLASSIFICATION NUMBER
Universal Decimal Classification number 616.5
082 00 - DEWEY DECIMAL CLASSIFICATION NUMBER
Classification number 616.5 LEW
100 1# - Rafti
Rafti 7
101 ## - Shkurtesa
Shkurtesa DER
240 10 - UNIFORM TITLE
Uniform title <a href="Practical dermatology for medical students and general practitioners">Practical dermatology for medical students and general practitioners</a>
245 10 - TITLE STATEMENT
Title Practical dermatology.
504 ## - BIBLIOGRAPHY, ETC. NOTE
Bibliography, etc Includes bibliography.
906 ## - LOCAL DATA ELEMENT F, LDF (RLIN)
a 7
b cbc
c orignew
d u
e ocip
f 19
g y-gencatlg
942 ## - ADDED ENTRY ELEMENTS (KOHA)
Source of classification or shelving scheme
Item type Books
Holdings
Withdrawn status Lost status Source of classification or shelving scheme Damaged status Not for loan Collection code Permanent location Current location Shelving location Date acquired Total Checkouts Full call number Barcode Date last seen Price effective from Koha item type
          Koleksioni i përgjithshem UBT - Lipjan UBT - Lipjan Koleksioni i lëndeve mesimore 02/07/2018   616.5 LEW 002-2998946 02/07/2018 02/07/2018 Books
UBT Library © 2015-2024. All rights reserved University Education for Business and Technology